|
|
|
|
| LEADER |
00000cam a22000004a 4500 |
| 001 |
musev2_40232 |
| 003 |
MdBmJHUP |
| 005 |
20230905044224.0 |
| 006 |
m o d |
| 007 |
cr||||||||nn|n |
| 008 |
150225s2015 pau o 00 0 eng d |
| 020 |
|
|
|a 9780812291421
|
| 020 |
|
|
|z 9780812247176
|
| 035 |
|
|
|a (OCoLC)910456042
|
| 040 |
|
|
|a MdBmJHUP
|c MdBmJHUP
|
| 245 |
0 |
4 |
|a The Human Right to Citizenship :
|b A Slippery Concept /
|c edited by Rhoda E. Howard-Hassmann and Margaret Walton-Roberts.
|
| 264 |
|
1 |
|a Philadelphia :
|b University of Pennsylvania Press,
|c 2015.
|
| 264 |
|
3 |
|a Baltimore, Md. :
|b Project MUSE,
|c 2015
|
| 264 |
|
4 |
|c ©2015.
|
| 300 |
|
|
|a 1 online resource (328 pages).
|
| 336 |
|
|
|a text
|b txt
|2 rdacontent
|
| 337 |
|
|
|a computer
|b c
|2 rdamedia
|
| 338 |
|
|
|a online resource
|b cr
|2 rdacarrier
|
| 490 |
0 |
|
|a Pennsylvania studies in human rights
|
| 505 |
0 |
|
|a Human rights of noncitizens / David Weissbrodt -- Statelessness : a matter of human rights / Kristy A. Belton -- Palestinian people : ambiguities of citizenship / Michal Baer -- State of stateless people : the plight of Rohingya refugees in Bangladesh / Nassir Uddin -- Mobilizing against statelessness : the case of Brazilian emigrant communities / Carolina Moulin -- Natives, subjects, and wannabes : internal citizenship problems in postcolonial Nigeria / Chidi Anselm Odinkalu -- Capricious citizenship : identity, identification, and Banglo-Indians -- Sujata Ramachandran -- Are children's rights to citizenship slippery or slimy? / Jacqueline Bhabha and Margareta Matache -- How citizenship laws leave the Roma in Europe's hinterland / Helen O'nions -- Slippery slopes into illegality and the erosion of citizenship in the United States / Nancy Ann Hiemstra and Alison Mountz -- Managed into the margins : examining citizenship and human rights of migrant workers in Canada / Janet Mclaughlin and Jenna Hennebry -- Shapeshifting citizenship in Germany : expansion, erosion, and extension / Thomas Faist -- Multiple citizenships and slippery statecraft / Kim Rygiel and Margaret Walton-Roberts -- Sticky citizenship / Audrey Macklin.
|
| 520 |
|
|
|a The Human Right to Citizenship provides an accessible overview of citizenship around the globe, focusing on empirical cases of denied or weakened legal rights. This wide-ranging volume provides a theoretical framework to understand the particular ambiguities, paradoxes, and evolutions of citizenship regimes in the twenty-first century.
|
| 546 |
|
|
|a In English.
|
| 588 |
|
|
|a Description based on print version record.
|
| 650 |
|
7 |
|a Noncitizens.
|2 sears
|
| 650 |
|
7 |
|a Nation-building.
|2 fast
|0 (OCoLC)fst01737474
|
| 650 |
|
7 |
|a Immigrants.
|2 fast
|0 (OCoLC)fst00967712
|
| 650 |
|
7 |
|a Citizenship.
|2 fast
|0 (OCoLC)fst00861909
|
| 650 |
|
7 |
|a Noncitizens.
|2 fast
|0 (OCoLC)fst00805278
|
| 650 |
|
7 |
|a POLITICAL SCIENCE
|x Human Rights.
|2 bisacsh
|
| 650 |
|
6 |
|a Reconstruction d'une nation.
|
| 650 |
|
0 |
|a Citizenship.
|
| 650 |
|
0 |
|a Citizenship
|x Political aspects.
|
| 650 |
|
0 |
|a Nation-building.
|
| 650 |
|
0 |
|a Noncitizens.
|
| 650 |
|
0 |
|a Immigrants.
|
| 655 |
|
7 |
|a Electronic books.
|2 local
|
| 700 |
1 |
|
|a Howard-Hassmann, Rhoda E.,
|d 1948-
|e editor,
|e author.
|
| 700 |
1 |
|
|a Walton-Roberts, Margaret,
|d 1968-
|e editor,
|e author.
|
| 710 |
2 |
|
|a Project Muse.
|e distributor
|
| 830 |
|
0 |
|a Book collections on Project MUSE.
|
| 856 |
4 |
0 |
|z Texto completo
|u https://projectmuse.uam.elogim.com/book/40232/
|
| 945 |
|
|
|a Project MUSE - Custom Collection
|
| 945 |
|
|
|a Project MUSE - 2015 Complete
|
| 945 |
|
|
|a Project MUSE - 2015 Political Science and Policy Studies
|